000 00732nam a2200265Ia 4500
003 0100
008 130227s9999 xx 000 0 und d
020 _a3631398697
040 _cARRUPELIB
050 _aLA852.2.T69 2002
100 _aJuceviciene, Palmira (ed)
245 _aTowards the learning society
245 _bEducational issues
260 _aFrankfurt
260 _bPeter Lang
260 _C2002
300 _a363p
300 _b 21cm
440 _aBaltische studien zur erziehungs und sozialwissenschaft n.7
650 _bReligion & sociology
650 _cChristian ethics
650 _dCapitalism, Sociology, Christian
700 _aMerkys, Gediminas (ed); Reinert, Gerd-Bodo (ed)
942 _2lcc
_01
999 _c4049
_d4049